Countries Most Similar To Peru - Statistics

General Stats
  • This quiz has been taken 70 times
  • The average score is 15 of 20
Answer Stats
Rank Country Score % Correct
1 Ecuador 81.9
94%
16 Brazil 71.2
92%
2 Colombia 80.2
92%
14 Argentina 72.2
90%
8 Chile 74.3
90%
5 Mexico 74.8
87%
17 Uruguay 69.7
82%
4 Guatemala 75.4
81%
13 Venezuela 73.5
81%
3 Bolivia 78.6
79%
9 Paraguay 74.1
76%
11 Honduras 73.8
73%
6 Panama 74.7
73%
12 Costa Rica 73.6
69%
7 El Salvador 74.3
68%
19 Cuba 63.3
66%
10 Nicaragua 73.8
65%
18 Belize 65.4
53%
15 Dominican Republic 72
52%
20 Suriname 62
35%
No matching quizzes found
Score Distribution
Percent of People with Each Score
Percentile by Number Answered
Your Score History
You have not taken this quiz